000 00714cam a22002413a 4500
001 13743
003 PGUSA
005 20140828083308.0
008 041014s2004||||xxu|||||s|||||000 1 eng d
040 _aPGUSA
_beng
042 _adc
050 4 _aPQ
100 1 _aProust, Marcel,
_d1871-1922
245 1 0 _aLe Côté de Guermantes - Troisième partie
_h[electronic resource] /
_cMarcel Proust
260 _bProject Gutenberg,
_c2004
506 _aPublic domain in the USA.
516 _aElectronic text
653 _aFrance -- Social life and customs -- Fiction
653 _aAutobiographical fiction
830 0 _aProject Gutenberg
_v13743
856 4 0 _uhttp://www.gutenberg.org/ebooks/13743
942 _cEB
999 _c242998
_d242998